| 000 | 01070nam a22002657a 4500 | ||
|---|---|---|---|
| 005 | 20170124103117.0 | ||
| 010 | _aB-112398 | ||
| 020 |
_c200.00 _a8188014206 |
||
| 035 | _aB-112398 | ||
| 037 | _bCen Lib/Ret | ||
| 040 |
_aDPL _bHN |
||
| 082 |
_a370 _bआत्मारा |
||
| 100 |
_aआत्माराम _981222 |
||
| 245 |
_aइक्कीसवीं सदी में शिक्षा / _cआत्माराम |
||
| 246 |
_aIkkeesvin sadi me shiksha / _bby Atmaram |
||
| 260 |
_aदिल्ली _bअखिल भारती _c2003 |
||
| 270 |
_bदिल्ली _a3014 चर्खेवालान _e110006 |
||
| 300 |
_a144पृ. _c20सेमी(सजिल्द) |
||
| 500 | _aअनुक्रमाणिका शामिल | ||
| 650 |
_aशिक्षा -- महत्व _9779 |
||
| 650 |
_aशिक्षा -- गिरता स्तर _981223 |
||
| 650 |
_aEducation - Importance _981224 |
||
| 650 |
_aEducation - declining _981225 |
||
| 942 |
_2ddc _cHN _h370 _mआत्मारा |
||
| 999 |
_c118634 _d118634 |
||